000 00300nam a22001337a 4500
008 170822b xxu||||| |||| 00| 0 eng d
020 _a9780521091893
041 _aeng
080 _a51
100 _a38
101 _aMAT
245 _aA COURSE OF MODERN ANALYSIS
_cWATSON.G.N
942 _2udc
_cBK
999 _c24585
_d24585